000 00364nam a2200181Ia 4500
008 240510s9999 xx 000 0 und d
041 _aEng
082 _a340.11
082 _bG58
100 _a-
245 0 _aPenal Code
260 _bColombo:Government Printing
260 _c1970
300 _a433 p.
650 _aLaw
942 _2ddc
942 _cLBK
999 _c29230
_d29230
945 _a1
_bMadushi Gamage
_c1
_dMadushi Gamage